000 00322nam a22001337a 4500
008 170526b xxu||||| |||| 00| 0 eng d
020 _a9780471572176
041 _aeng
080 _a621.3
100 _a25
101 _aIM
245 _aELECTROMECHANICAL ENERGY DEVICES AND POWER SYSTEMS
_cYAMAYEE,Z.A
942 _2udc
_cBK
999 _c14401
_d14401